LEADER 00679nam0 2200229 450 001 9910885796403321 005 20240918141623.0 010 $a9780691253503 100 $a20240918d km y0itay50 ba 101 0 $aeng 102 $aUS 105 $ay 001yy 200 1 $aNicolas Poussin$ethe A. W. Mellon lectures in the fine arts$e1958 National Gallery of Art, Washington DC$fAnthony Blunt 225 1 $aBollingen series XXXV$v7 700 1$aBlunt,$bAnthony$033585 801 0$aIT$bUNINA$gREICAT$2UNIMARC 901 $aBK 912 $a9910885796403321 952 $a759.4 POU 10$b2024/11535$fFLFBC 959 $aFLFBC 996 $aNicolas Poussin$9298695 997 $aUNINA